000 00445nam a2200145Ia 4500
008 100122s9999 xx 000 0 und d
082 _b59340
_a824
100 _aभोगले प्रभाकर
245 _aमालवणी खाजा
260 _bवसंतश्री प्रकाशन
_c2001
300 _a120
630 _aमालवणी खाजा
730 _aमालवणी खाजा
942 _cBOOK
999 _c434937
_d434934